[Event "4NCL Northern League"]
[Site "Darlington"]
[Date "2010.11.06"]
[Round "1.11"]
[White "Richardson, Alex"]
[Black "Woolley, Jos"]
[Result "1-0"]
[WhiteElo "2104"]
[BlackElo "2099"]
[PlyCount "73"]
[EventDate "2010.11.06"]
[SourceDate "2010.11.10"]
[WhiteTeam "Cheddleton II"]
[BlackTeam "Jorvik"]

1. c4 g6 2. g3 Bg7 3. Bg2 d6 4. Nc3 e5 5. e4 Nc6 6. Nge2 Nge7 7. d3 O-O 8. O-O
h6 9. Be3 Nd4 10. Qd2 Kh7 11. f4 f5 12. Rae1 c6 13. Bf2 Nxe2+ 14. Nxe2 d5 15.
Qb4 fxe4 16. dxe4 dxe4 17. Bc5 Rf7 18. fxe5 Rxf1+ 19. Rxf1 Nf5 20. g4 Nh4 21.
Be7 Qd3 22. Bxh4 Qxe2 23. h3 Qe3+ 24. Kh1 c5 25. Qe1 Qxe1 26. Rxe1 Be6 27. b3
Re8 28. Bxe4 Bxe5 29. Bd5 Bd7 30. Bxb7 a5 31. Rf1 Be6 32. Bc6 Rc8 33. Bb5 g5
34. Bf2 Rd8 35. Re1 Bxg4 36. hxg4 Bf4 37. Bxc5 1-0

[Event "4NCL Northern League"]
[Site "Darlington"]
[Date "2010.11.06"]
[Round "1.12"]
[White "Hopwood, Paul"]
[Black "Whitfield, Craig"]
[Result "1-0"]
[WhiteElo "2130"]
[BlackElo "1960"]
[PlyCount "73"]
[EventDate "2010.11.06"]
[SourceDate "2010.11.10"]
[WhiteTeam "Jorvik"]
[BlackTeam "Cheddleton II"]

1. e4 c5 2. Nf3 Nc6 3. d4 cxd4 4. Nxd4 Nf6 5. Nc3 e5 6. Ndb5 d6 7. Bg5 a6 8.
Na3 b5 9. Nd5 Be7 10. Bxf6 Bxf6 11. c3 O-O 12. Nc2 Bg5 13. a4 Rb8 14. axb5 axb5
15. h4 Bh6 16. Nce3 Bxe3 17. Nxe3 Ne7 18. g3 Qb6 19. Bg2 Be6 20. O-O g6 21. h5
b4 22. Qd3 bxc3 23. bxc3 Qc5 24. Rfd1 Rfd8 25. Ra6 Nc6 26. Nd5 Rb2 27. Qf3 Rd7
28. Nf6+ Kg7 29. Nxd7 Bxd7 30. h6+ Kxh6 31. Qxf7 Bf5 32. Rf1 Bg4 33. Qf8+ Kg5
34. Rxc6 Qxc6 35. Qe7+ Kh6 36. Qh4+ Bh5 37. g4 1-0

[Event "4NCL Northern League"]
[Site "Darlington"]
[Date "2010.11.06"]
[Round "1.13"]
[White "Armstrong, Malcolm"]
[Black "Flint, M."]
[Result "1-0"]
[WhiteElo "1961"]
[BlackElo "1906"]
[PlyCount "63"]
[EventDate "2010.11.06"]
[SourceDate "2010.11.10"]
[WhiteTeam "Cheddleton II"]
[BlackTeam "Jorvik"]

1. d4 f5 2. Nc3 g6 3. e4 fxe4 4. Nxe4 d5 5. Ng3 Nf6 6. Nf3 Nc6 7. c3 Qd6 8. Bb5
Bg4 9. h3 Bxf3 10. Qxf3 a6 11. Bf4 Qe6+ 12. Be2 O-O-O 13. O-O h5 14. Rfe1 Qf7
15. b4 h4 16. Nf1 Ne4 17. Rac1 g5 18. Bh2 Qxf3 19. Bxf3 Nf6 20. Ne3 Na7 21. a4
b6 22. c4 dxc4 23. Rxc4 Ne8 24. Rec1 e5 25. Bxe5 Rh7 26. Be4 Rf7 27. Bg6 Re7
28. Bxe8 Rdxe8 29. Rxc7+ Rxc7 30. Rxc7+ Kd8 31. Rxa7 Re6 32. Nd5 1-0

[Event "4NCL Northern League"]
[Site "Darlington"]
[Date "2010.11.06"]
[Round "1.14"]
[White "Mounce, R."]
[Black "Yee, J."]
[Result "1/2-1/2"]
[WhiteElo "1914"]
[BlackElo "1922"]
[PlyCount "99"]
[EventDate "2010.11.06"]
[SourceDate "2010.11.10"]
[WhiteTeam "Jorvik"]
[BlackTeam "Cheddleton II"]

1. e4 c6 2. d4 d5 3. Nc3 dxe4 4. Nxe4 Nf6 5. Nxf6+ exf6 6. Nf3 Bd6 7. Bd3 O-O
8. O-O Bg4 9. Be3 Nd7 10. c4 c5 11. d5 Ne5 12. Be2 Bxf3 13. gxf3 f5 14. Kh1 Qh4
15. f4 Ng6 16. Rg1 Nxf4 17. Bxf4 Qxf4 18. Rg2 Rfe8 19. Qc2 Re7 20. Rag1 g6 21.
Bd3 Rae8 22. Qc1 Qxc1 23. Rxc1 Re1+ 24. Rg1 Rxc1 25. Rxc1 Kg7 26. Kg2 Kf6 27.
h3 h6 28. Kf1 g5 29. Re1 Rxe1+ 30. Kxe1 Ke5 31. Ke2 Kf4 32. Bc2 g4 33. hxg4
fxg4 34. Ba4 f5 35. Be8 g3 36. fxg3+ Kxg3 37. Kf1 Kg4 38. Kg2 h5 39. Bd7 h4 40.
Bc8 b6 41. Bd7 h3+ 42. Kh1 Kg5 43. b3 Kf4 44. Kh2 Kg4+ 45. Kh1 h2 46. Kg2 Bg3
47. Be6 Kg5 48. Kh1 f4 49. d6 Kf6 50. Bg4 1/2-1/2

[Event "4NCL Northern League"]
[Site "Darlington"]
[Date "2010.11.06"]
[Round "1.16"]
[White "Anderson, P."]
[Black "Armstrong, William"]
[Result "1/2-1/2"]
[WhiteElo "1944"]
[BlackElo "1834"]
[PlyCount "59"]
[EventDate "2010.11.06"]
[SourceDate "2010.11.10"]
[WhiteTeam "Jorvik"]
[BlackTeam "Cheddleton II"]

1. e4 e5 2. d4 exd4 3. c3 d5 4. Qxd4 dxe4 5. Qxe4+ Qe7 6. Qxe7+ Bxe7 7. Bf4 c6
8. Nf3 Nf6 9. Bd3 O-O 10. O-O Nbd7 11. Nbd2 Nc5 12. Bc2 Ne6 13. Bg3 Nh5 14.
Rfe1 Bf6 15. Be5 Bxe5 16. Nxe5 Nf6 17. Ndf3 g6 18. Rad1 Rd8 19. Bb3 Nd5 20. Nd4
Nc5 21. Bc4 Be6 22. Nxe6 Nxe6 23. Ng4 Kg7 24. Bxd5 Rxd5 25. Rxd5 cxd5 26. Rd1
Rd8 27. Ne3 d4 28. cxd4 Rxd4 29. Rxd4 Nxd4 30. Kf1 1/2-1/2

[Event "4NCL Northern League"]
[Site "Darlington"]
[Date "2010.11.06"]
[Round "1.31"]
[White "Williamson, Roger"]
[Black "Blackburn, Jonathan"]
[Result "0-1"]
[WhiteElo "2178"]
[BlackElo "2170"]
[PlyCount "76"]
[EventDate "2010.11.06"]
[SourceDate "2010.11.10"]
[WhiteTeam "Aigburth"]
[BlackTeam "Holmes Chapel"]

1. e4 e6 2. Nf3 d5 3. Nc3 Nf6 4. e5 Nfd7 5. d4 a6 6. Bf4 c5 7. dxc5 Bxc5 8. Bd3
Nc6 9. a3 b5 10. b4 Be7 11. Qd2 Bb7 12. h4 Rc8 13. Ne2 Qc7 14. Qe3 Nb6 15. Nfd4
Nxd4 16. Qxd4 Nc4 17. h5 Qb6 18. Qxb6 Nxb6 19. Nd4 Kd7 20. f3 Nc4 21. c3 f6 22.
Bxc4 Rxc4 23. Kd2 Rhc8 24. Rac1 a5 25. Kd3 Ba6 26. Rc2 Bd8 27. Bg3 Bb6 28. Rhc1
f5 29. Bf2 f4 30. Rh1 Bc7 31. Nb3 Bxe5 32. Nc5+ Kd6 33. Bd4 Bxd4 34. cxd4 Rc6
35. Re1 Bc8 36. bxa5 e5 37. Rec1 Bf5+ 38. Kd2 Bxc2 0-1

[Event "4NCL Northern League"]
[Site "Darlington"]
[Date "2010.11.06"]
[Round "1.33"]
[White "Hawkins, James Nick"]
[Black "Turner, J M."]
[Result "1/2-1/2"]
[WhiteElo "1998"]
[BlackElo "2112"]
[PlyCount "43"]
[EventDate "2010.11.06"]
[SourceDate "2010.11.10"]
[WhiteTeam "Aigburth"]
[BlackTeam "Holmes Chapel"]

1. e4 c5 2. Nf3 Nc6 3. d4 cxd4 4. Nxd4 e5 5. Nb5 d6 6. c4 Be7 7. N1c3 a6 8. Na3
f5 9. exf5 Bxf5 10. Bd3 Be6 11. Nc2 Nf6 12. Ne3 O-O 13. O-O Rc8 14. Ncd5 Nd4
15. Nxf6+ Bxf6 16. Nd5 Bxd5 17. cxd5 g6 18. Bd2 Bg5 19. Be4 Bxd2 20. Qxd2 Qe7
21. Rac1 Kg7 22. Kh1 1/2-1/2

[Event "4NCL Northern League"]
[Site "Darlington"]
[Date "2010.11.06"]
[Round "1.34"]
[White "Gorman, J."]
[Black "Kane, B."]
[Result "1/2-1/2"]
[WhiteElo "1942"]
[BlackElo "2010"]
[PlyCount "53"]
[EventDate "2010.11.06"]
[SourceDate "2010.11.10"]
[WhiteTeam "Holmes Chapel"]
[BlackTeam "Aigburth"]

1. e4 e6 2. d4 d5 3. Nc3 Bb4 4. e5 c5 5. a3 Bxc3+ 6. bxc3 Ne7 7. Nf3 Nbc6 8. a4
Qa5 9. Bd2 Bd7 10. Be2 c4 11. O-O f6 12. exf6 gxf6 13. Nh4 O-O-O 14. Bg4 Ng6
15. Nxg6 hxg6 16. Qe2 f5 17. Bf3 Rdg8 18. g3 g5 19. Bg2 Rh7 20. f4 g4 21. Rf2
Rgh8 22. Bf1 Qb6 23. Qe1 Ne7 24. a5 Qc7 25. Bc1 Ng8 26. Qe5 Qxe5 27. dxe5
1/2-1/2

[Event "4NCL Northern League"]
[Site "Darlington"]
[Date "2010.11.06"]
[Round "1.35"]
[White "Frith, Robert"]
[Black "Bennion, David"]
[Result "0-1"]
[WhiteElo "1938"]
[BlackElo "2014"]
[PlyCount "150"]
[EventDate "2010.11.06"]
[SourceDate "2010.11.10"]
[WhiteTeam "Aigburth"]
[BlackTeam "Holmes Chapel"]

1. d4 d5 2. c4 e6 3. Nf3 Nf6 4. g3 c5 5. cxd5 cxd4 6. dxe6 Bxe6 7. Qxd4 Nc6 8.
Qxd8+ Rxd8 9. a3 Bc5 10. Bg2 Ng4 11. e3 Nge5 12. Nxe5 Nxe5 13. O-O Bc4 14. Re1
Be2 15. Nc3 Bf3 16. Bf1 h5 17. e4 Ng4 18. Be3 Bxe3 19. fxe3 h4 20. Bg2 Nxh2 21.
Ne2 Bxg2 22. Kxg2 Ng4 23. Nf4 Rd2+ 24. Re2 h3+ 25. Kg1 h2+ 26. Kg2 Nxe3+ 27.
Kh1 Rxe2 28. Nxe2 Ng4 29. Rf1 g5 30. Nc3 Rh3 31. Ne2 Rh6 32. Nd4 Rd6 33. Nf3
Rd3 34. Nxh2 Nxh2 35. Kxh2 Rd2+ 36. Kh3 Rxb2 37. Rf3 Ke7 38. Kg4 f6 39. Kf5 Kf7
40. Rc3 Rb5+ 41. Kg4 Kg6 42. Rd3 a5 43. Rd6 Rb3 44. e5 Rxa3 45. Rxf6+ Kg7 46.
Rb6 Ra4+ 47. Kxg5 Rb4 48. Rd6 Kf7 49. Kf5 Rb2 50. Rd7+ Ke8 51. Rh7 a4 52. g4 a3
53. Rh3 a2 54. Ra3 Ke7 55. g5 Rf2+ 56. Ke4 Ke6 57. Ra7 Rb2 58. g6 Rg2 59. g7
Rg4+ 60. Kf3 Rxg7 61. Rxa2 Kxe5 62. Ra4 Rd7 63. Ke3 Rd5 64. Re4+ Kd6 65. Rb4
Kc6 66. Ke4 Rd1 67. Ke3 b5 68. Rd4 Rc1 69. Kd3 Kc5 70. Rh4 Kb6 71. Kd2 Rc5 72.
Rh3 Ka5 73. Rc3 Rxc3 74. Kxc3 Ka4 75. Kc2 Ka3 0-1

[Event "4NCL Northern League"]
[Site "Darlington"]
[Date "2010.11.06"]
[Round "1.36"]
[White "Bates, Ian"]
[Black "Dam, Sebastian"]
[Result "0-1"]
[WhiteElo "2010"]
[BlackElo "1874"]
[PlyCount "50"]
[EventDate "2010.11.06"]
[SourceDate "2010.11.10"]
[WhiteTeam "Holmes Chapel"]
[BlackTeam "Aigburth"]

1. e4 e5 2. Nf3 f5 3. d4 fxe4 4. Nxe5 Nf6 5. Be2 d6 6. Ng4 Be7 7. Nc3 d5 8.
Nxf6+ Bxf6 9. b3 c5 10. Be3 Nc6 11. Bb5 O-O 12. Nxd5 Nxd4 13. Nxf6+ Qxf6 14.
Bc4+ Kh8 15. Bxd4 cxd4 16. O-O Bd7 17. Qh5 Rac8 18. a4 Be6 19. Bxe6 Qxe6 20.
Rad1 Rxc2 21. Rxd4 Qf6 22. Qd1 Rxf2 23. Re1 e3 24. Rd6 Qb2 25. Qd5 Rf1+ 0-1

[Event "4NCL Northern League"]
[Site "Darlington"]
[Date "2010.11.06"]
[Round "1.21"]
[White "Murphy, James"]
[Black "Carleton, John"]
[Result "0-1"]
[WhiteElo "2106"]
[BlackElo "2307"]
[PlyCount "72"]
[EventDate "2010.11.06"]
[SourceDate "2010.11.10"]
[WhiteTeam "Manchester Manticores"]
[BlackTeam "Spirit of Atticus"]

1. e4 Nf6 2. Nc3 e5 3. Nf3 Nc6 4. d4 Bb4 5. d5 Ne7 6. Nxe5 d6 7. Bb5+ Kf8 8.
Nxf7 Kxf7 9. f3 Rf8 10. Be3 Kg8 11. Qd3 Bd7 12. Bc4 Ng6 13. f4 Re8 14. e5 dxe5
15. d6+ Kh8 16. Bf7 exf4 17. Bxe8 Qxe8 18. O-O-O Qxe3+ 19. Qxe3 fxe3 20. dxc7
Bxc3 21. bxc3 Rc8 22. Rhe1 Rxc7 23. Rxe3 h6 24. h3 Bc6 25. g3 Ne4 26. Kb2 Kh7
27. Rd4 Nc5 28. c4 Re7 29. Ra3 a6 30. Kc1 Re1+ 31. Kd2 Rg1 32. g4 Ne5 33. Ke2
Rg2+ 34. Kd1 Ne4 35. Re3 Nf2+ 36. Kc1 Nf3 0-1

[Event "4NCL Northern League"]
[Site "Darlington"]
[Date "2010.11.06"]
[Round "1.22"]
[White "Ackley, Peter"]
[Black "Norris, Mick"]
[Result "1/2-1/2"]
[WhiteElo "2035"]
[BlackElo "1994"]
[PlyCount "40"]
[EventDate "2010.11.06"]
[SourceDate "2010.11.10"]
[WhiteTeam "Spirit of Atticus"]
[BlackTeam "Manchester Manticores"]

1. c4 Nf6 2. g3 c6 3. Nf3 d5 4. b3 g6 5. Bb2 Bg7 6. Bg2 O-O 7. O-O Nbd7 8. d3
Re8 9. Qc2 e5 10. cxd5 cxd5 11. Nc3 a6 12. e3 b5 13. a3 Bb7 14. d4 e4 15. Nd2
Rc8 16. b4 Nb6 17. Nb3 Nc4 18. Nc5 Qb6 19. Nb1 Rc7 20. Nd2 Nxd2 1/2-1/2

[Event "4NCL Northern League"]
[Site "Darlington"]
[Date "2010.11.06"]
[Round "1.41"]
[White "Corcoran, Gary"]
[Black "Hague, Ben"]
[Result "0-1"]
[WhiteElo "1901"]
[BlackElo "2312"]
[PlyCount "48"]
[EventDate "2010.11.06"]
[SourceDate "2010.11.10"]
[WhiteTeam "Bradford DCA Knights II"]
[BlackTeam "Bradford DCA Knights"]

1. e4 Nc6 2. d4 e5 3. d5 Nce7 4. d6 cxd6 5. Qxd6 Nc6 6. Qd1 Nf6 7. Nc3 Bb4 8.
Bg5 Qa5 9. Bd2 O-O 10. Nf3 d5 11. Bd3 Bg4 12. a3 Bxc3 13. Bxc3 Qb6 14. exd5 e4
15. Bxf6 exf3 16. gxf3 Rfe8+ 17. Be4 Rxe4+ 18. fxe4 Bxd1 19. Rg1 Nd4 20. Rxg7+
Kf8 21. e5 Nxc2+ 22. Kxd1 Nxa1 23. Rxh7 Qd4+ 24. Kc1 Rc8+ 0-1

[Event "4NCL Northern League"]
[Site "Darlington"]
[Date "2010.11.06"]
[Round "1.42"]
[White "Williams, Winston"]
[Black "Wright, Miles E"]
[Result "1-0"]
[WhiteElo "2220"]
[BlackElo "1946"]
[PlyCount "77"]
[EventDate "2010.11.06"]
[SourceDate "2010.11.10"]
[WhiteTeam "Bradford DCA Knights"]
[BlackTeam "Bradford DCA Knights II"]

1. f4 g6 2. Nf3 Bg7 3. g3 c5 4. Bg2 Nc6 5. O-O Nf6 6. d3 d6 7. c3 O-O 8. Kh1 d5
9. Na3 Rb8 10. Be3 d4 11. cxd4 Nd5 12. Bg1 cxd4 13. Nc2 Nb6 14. a4 a5 15. Qd2
Qd6 16. Rfb1 Bd7 17. b4 axb4 18. Nxb4 Nxb4 19. Qxb4 Qxb4 20. Rxb4 Nd5 21. Rc4
b5 22. axb5 Bxb5 23. Rc2 Rfd8 24. Ra7 Kf8 25. Ng5 h6 26. Ne4 e6 27. Bf3 Be8 28.
Kg2 Rdc8 29. Rxc8 Rxc8 30. Nd6 Rd8 31. Nxe8 Kxe8 32. Bxd5 Rxd5 33. Kf3 Rd7 34.
Ra4 Ke7 35. Bf2 Kd8 36. Ra8+ Kc7 37. Rg8 f6 38. Bxd4 e5 39. fxe5 1-0

[Event "4NCL Northern League"]
[Site "Darlington"]
[Date "2010.11.06"]
[Round "1.43"]
[White "Dean, Robert"]
[Black "Lang, Adam"]
[Result "0-1"]
[WhiteElo "1882"]
[BlackElo "2050"]
[PlyCount "68"]
[EventDate "2010.11.06"]
[SourceDate "2010.11.10"]
[WhiteTeam "Bradford DCA Knights II"]
[BlackTeam "Bradford DCA Knights"]

1. e4 c5 2. f4 g6 3. Nf3 Bg7 4. Bc4 e6 5. O-O Ne7 6. Nc3 Nbc6 7. d3 O-O 8. Qe1
a6 9. Qh4 b5 10. Bb3 d5 11. a4 c4 12. axb5 cxb3 13. bxc6 bxc2 14. f5 exf5 15.
Bg5 Qb6+ 16. Kh1 f6 17. Bd2 dxe4 18. dxe4 Be6 19. Na4 Qxc6 20. Bb4 Qb7 21. Ba3
fxe4 22. Nc5 Qd5 23. Qxe4 Qxe4 24. Nxe4 Bf5 25. Bxe7 Bxe4 26. Bxf8 Rxf8 27. Nd2
Bd3 28. Rf3 Rd8 29. Rc1 Bh6 30. Rf2 Be3 31. Rf3 Bxd2 32. Rxd3 Rxd3 33. Rxc2 Be3
34. g3 Rd1+ 0-1

[Event "4NCL Northern League"]
[Site "Darlington"]
[Date "2010.11.06"]
[Round "1.44"]
[White "Brijhimon, Louis"]
[Black "Jones, Steven"]
[Result "1-0"]
[WhiteElo "2018"]
[BlackElo "1798"]
[PlyCount "96"]
[EventDate "2010.11.06"]
[SourceDate "2010.11.10"]
[WhiteTeam "Bradford DCA Knights"]
[BlackTeam "Bradford DCA Knights II"]

1. e4 g6 2. f4 Bg7 3. Nf3 c5 4. Na3 a6 5. c3 d5 6. e5 Bg4 7. Nc2 Nc6 8. d4 cxd4
9. Ncxd4 Nxd4 10. Qxd4 Bxf3 11. gxf3 e6 12. Be3 Ne7 13. Qb6 Qxb6 14. Bxb6 Nf5
15. Rg1 h5 16. Kf2 Bh6 17. Be3 Rc8 18. Bd3 Ke7 19. Rad1 Rhd8 20. Bc1 Ke8 21.
Rge1 Ne7 22. Rg1 Rd7 23. f5 Nxf5 24. Bxh6 Nxh6 25. Bxg6 fxg6 26. Rxg6 Rh7 27.
Rxe6+ Kd7 28. Rd6+ Kc7 29. R6xd5 Re8 30. Ke3 Nf5+ 31. Ke4 Rf7 32. Rg1 Ne7 33.
Rd6 Ref8 34. Rf1 Rf4+ 35. Ke3 Nc6 36. Rd5 R8f5 37. Rf2 Ne7 38. Rd4 Kc6 39. Rd6+
Kc7 40. Rd4 Kc6 41. Rd6+ Kc5 42. b4+ Kc4 43. Rd4+ Rxd4 44. cxd4 Nd5+ 45. Kd2
Kxd4 46. a3 Kxe5 47. Kd3 Kf4 48. Kd4 Ne3 1-0

[Event "4NCL Northern League"]
[Site "Darlington"]
[Date "2010.11.06"]
[Round "1.45"]
[White "Hackner, Oskar A"]
[Black "Patrick, David A"]
[Result "1-0"]
[WhiteElo "1778"]
[BlackElo "1961"]
[PlyCount "131"]
[EventDate "2010.11.06"]
[SourceDate "2010.11.10"]
[WhiteTeam "Bradford DCA Knights II"]
[BlackTeam "Bradford DCA Knights"]

1. d4 d5 2. c4 c6 3. Nc3 Nf6 4. Bg5 Nbd7 5. cxd5 Nxd5 6. e4 Nxc3 7. bxc3 h6 8.
Bd2 e5 9. Bc4 Nb6 10. Bb3 exd4 11. Qf3 Qf6 12. Qxf6 gxf6 13. cxd4 Be6 14. Rc1
f5 15. f3 Bg7 16. Bxe6 fxe6 17. Ne2 Rd8 18. Be3 h5 19. Kf2 Kf7 20. Rc5 fxe4 21.
fxe4 Nd7 22. Ra5 a6 23. Kg3 Rdg8 24. Rf1+ Ke8 25. Kh3 Nf6 26. Nc3 Ng4 27. Bg1
Bf8 28. Rb1 Rg7 29. d5 exd5 30. Bd4 Rhg8 31. exd5 c5 32. Bxg7 Nf2+ 33. Kg3 Bxg7
34. Kxf2 Bxc3 35. Ra3 Bd4+ 36. Kf3 Rg7 37. Rb6 Kd8 38. Rh6 Rf7+ 39. Kg3 Rg7+
40. Kh3 Rg5 41. Rb3 Kc8 42. d6 Rd5 43. Rg3 Kd7 44. Rgg6 c4 45. Rh7+ Kc6 46.
Rc7+ Kb6 47. Rxc4 Be5 48. d7+ Kb5 49. Rc8 Rxd7 50. Rg5 Re7 51. Rxh5 Ka4 52. Rc2
Bd6 53. g4 Re3+ 54. Kg2 a5 55. Rf5 Re4 56. Kf3 Rd4 57. h4 Rd3+ 58. Ke4 Rg3 59.
Rc4+ Bb4 60. g5 b5 61. Rd4 Rg2 62. h5 Rxa2 63. g6 Rg2 64. Rf3 Rg5 65. Rh3 Rg3
66. Rxb4+ 1-0

[Event "4NCL Northern League"]
[Site "Darlington"]
[Date "2010.11.06"]
[Round "1.46"]
[White "Bank, Andrew"]
[Black "Roberts, James"]
[Result "1-0"]
[WhiteElo "1946"]
[BlackElo "1578"]
[PlyCount "35"]
[EventDate "2010.11.06"]
[SourceDate "2010.11.10"]
[WhiteTeam "Bradford DCA Knights"]
[BlackTeam "Bradford DCA Knights II"]

1. e4 c5 2. Nf3 Nc6 3. d4 cxd4 4. Nxd4 g6 5. Nc3 Bg7 6. Be3 Nf6 7. Bc4 O-O 8.
f3 Qb6 9. Qd2 Nxe4 10. Nxc6 Nxd2 11. Nxe7+ Kh8 12. Bxb6 Nxc4 13. Bf2 Re8 14.
Ncd5 Bxb2 15. O-O Bxa1 16. Rxa1 b6 17. Bd4+ f6 18. Bxf6# 1-0

[Event "4NCL North"]
[Site "Darlington"]
[Date "2010.11.07"]
[Round "2.11"]
[White "Blackburn, Jonathan"]
[Black "Richardson, Alex"]
[Result "0-1"]
[WhiteElo "2170"]
[BlackElo "2104"]
[PlyCount "106"]
[EventDate "2010.11.07"]

1. d4 Nf6 2. c4 e6 3. Nc3 Bb4 4. a3 Bxc3+ 5. bxc3 O-O 6. f3 d5 7. e3 c5 8. a4
Re8 9. cxd5 exd5 10. Bb5 Bd7 11. Ne2 Bxb5 12. axb5 Nbd7 13. O-O Qb6 14. Qa4 a6
15. Rb1 Qc7 16. Ng3 Re6 17. e4 cxd4 18. Qxd4 dxe4 19. fxe4 Qc5 20. bxa6 bxa6
21. Be3 Qxd4 22. Bxd4 Nxe4 23. Nxe4 Rxe4 24. Rb7 Rd8 25. Rf5 Nf6 26. Ra7 Re6
27. g4 h6 28. h4 Rd7 29. Rxf6 Rxd4 30. Rfxf7 Rxg4+ 31. Kf2 Rc6 32. Kf3 Rgg6 33.
Rfc7 Rgf6+ 34. Ke4 Rxc7 35. Rxc7 g5 36. h5 g4 37. Ke5 Rf7 38. Rc8+ Kh7 39. Rb8
g3 40. Rb2 Rf2 41. Rb7+ Kg8 42. Rb8+ Rf8 43. Rb6 Rf7 44. Rb2 Rg7 45. Rg2 Kf7
46. c4 Ke7 47. Kd5 Kd7 48. Kc5 Kc7 49. Kb4 Rg5 50. Kc3 Kc6 51. Kb4 a5+ 52. Kc3
Kc5 53. Kb3 Rg4 0-1

[Event "4NCL North"]
[Site "Darlington"]
[Date "2010.11.07"]
[Round "2.12"]
[White "Whitfield, Craig M"]
[Black "Bennett, Patrick J"]
[Result "1-0"]
[WhiteElo "1987"]
[BlackElo "2050"]
[PlyCount "77"]
[EventDate "2010.11.07"]

1. e4 g6 2. d4 Bg7 3. Nc3 d6 4. Be3 a6 5. f4 b5 6. Qd2 Bb7 7. e5 Nd7 8. Nf3 Nh6
9. O-O-O Nf5 10. Bd3 e6 11. Bxf5 exf5 12. Qd3 O-O 13. h3 Nb6 14. Rhg1 Qd7 15.
a3 Nc4 16. Nd2 Nxe3 17. Qxe3 a5 18. g4 b4 19. Ncb1 Rfb8 20. a4 Bd5 21. b3 Re8
22. Nf3 Qc6 23. Nbd2 Qc3 24. Rde1 fxg4 25. hxg4 f6 26. Qxc3 bxc3 27. Ne4 fxe5
28. dxe5 Rf8 29. Nfg5 Rxf4 30. Nxc3 Bc6 31. Ne6 Rf3 32. Nxg7 Kxg7 33. exd6 cxd6
34. Ne2 Rc8 35. Nd4 Rf2 36. g5 Bd5 37. Re7+ Kg8 38. Rge1 Rff8 39. Ra7 1-0

[Event "4NCL North"]
[Site "Darlington"]
[Date "2010.11.07"]
[Round "2.13"]
[White "Turner, John M"]
[Black "Armstrong, Malcolm J"]
[Result "1/2-1/2"]
[WhiteElo "2112"]
[BlackElo "1961"]
[PlyCount "45"]
[EventDate "2010.11.07"]

1. e4 c6 2. Nc3 d5 3. Nf3 Bg4 4. h3 Bxf3 5. Qxf3 e6 6. g3 Nf6 7. Bg2 dxe4 8.
Nxe4 Nxe4 9. Qxe4 Qd5 10. O-O Qxe4 11. Bxe4 Nd7 12. d4 O-O-O 13. c3 Nf6 14. Bc2
c5 15. dxc5 Bxc5 16. Bg5 h6 17. Bxf6 gxf6 18. Rad1 f5 19. Kg2 Rxd1 20. Rxd1 Rd8
21. Rxd8+ Kxd8 22. Kf3 Ke7 23. Ke2 1/2-1/2

[Event "4NCL North"]
[Site "Darlington"]
[Date "2010.11.07"]
[Round "2.14"]
[White "Gorman, John A"]
[Black "Edwards, Simon R"]
[Result "0-1"]
[WhiteElo "2035"]
[BlackElo "1942"]
[PlyCount "52"]
[EventDate "2010.11.07"]

1. e4 c5 2. Nc3 Nc6 3. f4 g6 4. Nf3 Bg7 5. Bb5 Nd4 6. O-O a6 7. Bc4 b5 8. Bd5
Rb8 9. d3 Nf6 10. Bb3 Nxb3 11. axb3 d5 12. Qe1 O-O 13. Qh4 dxe4 14. Nxe4 c4 15.
bxc4 bxc4 16. f5 cxd3 17. Nfg5 h5 18. c3 Qd5 19. c4 Qd4+ 20. Kh1 Nxe4 21. Qxe4
Qxe4 22. Nxe4 Bxf5 23. Ng3 Be6 24. c5 Bxb2 25. Rxa6 Bxc1 26. Rxc1 d2 0-1

[Event "4NCL North"]
[Site "Darlington"]
[Date "2010.11.07"]
[Round "2.15"]
[White "Bennion, David A"]
[Black "Taylor, William J"]
[Result "0-1"]
[WhiteElo "2014"]
[BlackElo "1866"]
[PlyCount "38"]
[EventDate "2010.11.07"]

1. e4 e5 2. Nf3 Nc6 3. Bc4 Bc5 4. O-O Nf6 5. c3 Nxe4 6. d4 d5 7. Re1 exd4 8.
Ng5 O-O 9. Rxe4 Bf5 10. Re1 dxc4 11. Qf3 Qd7 12. Nd2 Rae8 13. Nde4 Bxe4 14.
Rxe4 dxc3 15. h4 h6 16. Rxe8 Rxe8 17. Ne4 Nd4 18. Qh5 Rxe4 19. Qxc5 Ne2+ 0-1

[Event "4NCL North"]
[Site "Darlington"]
[Date "2010.11.07"]
[Round "2.16"]
[White "Armstrong, William G"]
[Black "Bates, Ian W"]
[Result "1/2-1/2"]
[WhiteElo "1944"]
[BlackElo "2010"]
[PlyCount "138"]
[EventDate "2010.11.07"]

1. e4 c5 2. Nf3 Nc6 3. d4 cxd4 4. Nxd4 Nf6 5. Nc3 e5 6. Ndb5 d6 7. Nd5 Nxd5 8.
exd5 Ne7 9. c4 g6 10. Qa4 Nc6 11. dxc6 bxc6 12. Nc3 Bd7 13. Qc2 Bg7 14. Be2 O-O
15. O-O Qe7 16. Rd1 Rad8 17. Be3 f5 18. Bxa7 Be6 19. Bb6 Rb8 20. c5 d5 21. Bf1
f4 22. Qa4 Rbc8 23. Re1 Rf5 24. f3 Rh5 25. Kf2 Rxh2 26. Ke2 Bh3 27. Kd1 Bxg2
28. Bxg2 Rxg2 29. Qa6 Qe6 30. Ne2 Qf5 31. Rc1 Rf2 32. Rc3 e4 33. fxe4 dxe4 34.
Qc4+ Kh8 35. Nd4 Qg4+ 36. Kc1 Re8 37. Qf7 Rf8 38. Qc4 h5 39. Ne6 Re8 40. Nxg7
Kxg7 41. Qd4+ Kh7 42. Qxf2 e3 43. Rcxe3 Rxe3 44. Rxe3 fxe3 45. Qxe3 h4 46. Bc7
Qc4+ 47. Kd2 Qd5+ 48. Kc3 Qd7 49. Qf4 h3 50. Qh4+ Kg8 51. Be5 Qf5 52. Qd8+ Kf7
53. Qc7+ Kf8 54. Bd6+ Kg8 55. Qd8+ Kh7 56. Qe7+ Kh6 57. Qf8+ Kg5 58. Qxf5+ gxf5
59. Bh2 Kg4 60. Kd3 Kf3 61. a4 Kg2 62. Be5 Kf3 63. Bh2 Kg2 64. Ke3 Kxh2 65. Kf2
f4 66. a5 f3 67. a6 Kh1 68. a7 h2 69. Kg3 f2 1/2-1/2

[Event "4NCL North"]
[Site "Darlington"]
[Date "2010.11.07"]
[Round "2.31"]
[White "Hague, Ben f"]
[Black "Murphy, James A"]
[Result "1-0"]
[WhiteElo "2312"]
[BlackElo "2106"]
[PlyCount "41"]
[EventDate "2010.11.07"]

1. c4 Nf6 2. g3 e5 3. Bg2 Bc5 4. Nc3 c6 5. e3 Qe7 6. Nge2 e4 7. Qc2 d5 8. cxd5
cxd5 9. b4 b6 10. bxc5 bxc5 11. O-O O-O 12. Ba3 Ba6 13. Rfc1 Nbd7 14. Nf4 Qe5
15. d4 cxd4 16. exd4 Qxd4 17. Bxf8 g5 18. Nfe2 Qe5 19. Ba3 Nb6 20. Bc5 Bd3 21.
Qb3 1-0

[Event "4NCL North"]
[Site "Darlington"]
[Date "2010.11.07"]
[Round "2.32"]
[White "Norris, Michael J"]
[Black "Williams, Winston"]
[Result "1/2-1/2"]
[WhiteElo "2220"]
[BlackElo "1994"]
[PlyCount "124"]
[EventDate "2010.11.07"]

1. d4 f5 2. g3 Nf6 3. Bg2 g6 4. c4 Bg7 5. Nc3 O-O 6. Nh3 d6 7. O-O c6 8. Re1
Qc7 9. e4 fxe4 10. Nxe4 Nxe4 11. Rxe4 Bf5 12. Re1 e5 13. dxe5 dxe5 14. Qb3 Nd7
15. c5+ Kh8 16. Be3 Nf6 17. Ng5 Rae8 18. Nf3 Nd5 19. Nd2 Be6 20. Qa3 a5 21. Ne4
Nb4 22. Rec1 Rd8 23. Rc3 h6 24. Qa4 Rd7 25. a3 Nd5 26. Rd3 Nxe3 27. Rxe3 Rd4
28. b4 axb4 29. axb4 Qf7 30. f3 Bd5 31. Rae1 Qc7 32. Rb1 Rb8 33. Re2 b6 34. Qc2
Qa7 35. Nf2 bxc5 36. bxc5 Rxb1+ 37. Qxb1 Qxc5 38. Rc2 Qa7 39. Rb2 Kh7 40. Rb7
Qc5 41. Kh1 Qc3 42. Ng4 Rxg4 43. fxg4 Qd2 44. Qf1 Bxg2+ 45. Qxg2 Qd1+ 46. Qg1
Qxg4 47. Qc5 Qf3+ 48. Kg1 Qd1+ 49. Kf2 Qd2+ 50. Kf3 e4+ 51. Kxe4 Qg2+ 52. Kd3
Qf3+ 53. Kd2 h5 54. Rc7 Qg2+ 55. Kd3 Qf1+ 56. Kd2 Qh1 57. Qe5 Qg2+ 58. Ke3 Qg1+
59. Kd3 Qd1+ 60. Kc4 Qa4+ 61. Kd3 Qd1+ 62. Kc4 Qa4+ 1/2-1/2